Another Name the Kpop Idols of 2018 Quiz Stats

 Plays Quiz not verified by Sporcle

Score 0/300 Timer 20:00
0 Plays Today
Group Idol % Correct
seventeenjun
98.5%
a.c.ejun
98.5%
exod.o.
97.1%
nctmark
96.8%
got7mark
96.8%
stray kidshan
96.1%
btsjin
96.1%
btsjimin
95.2%
aoajimin
95.2%
exochen
94.5%
btsrm
94.4%
stray kidsbang chan
94.2%
btssuga
94%
ikonchan
94%
a.c.echan
94%
btsjungkook
93.7%
btsj-hope
93.6%
day6jae
93.4%
exidle
93.3%
blackpinklisa
92.2%
got7jackson
92.1%
blackpinkrosé
91.8%
ncttaeyong
91.6%
exokai
91.6%
blackpinkjennie
91.3%
big bangg-dragon
91.2%
exobaekhyun
90.8%
got7bambam
90.8%
blackpinkjisoo
90.8%
exochanyeol
90.6%
stray kidslee know
90.5%
got7jinyoung
90.5%
twicemomo
90.3%
exosuho
90.2%
exosehun
90.2%
exoxiumin
89.9%
ncttaeil
89.8%
nctjisung
89.8%
wanna onejisung
89.8%
block btaeil
89.8%
big bangt.o.p
89.7%
nctten
89.4%
nu'est wren
89.4%
shineeminho
89.4%
nctjohnny
89.3%
exolay
89.3%
f(x)amber
89.1%
got7jb
88.9%
twicesana
88.7%
seventeens.coups
88.2%
big bangtaeyang
87.9%
red velvetirene
87.9%
nctlucas
87.7%
seventeenwoozi
87.7%
twicetzuyu
87.7%
ikondk
87.7%
seventeenvernon
87.5%
big bangseungri
87.5%
nctyuta
87.4%
pentagone'dawn
87.4%
twicemina
87.4%
nctwinwin
87.3%
ikonbobby
87.3%
aoamina
87.3%
shineetaemin
87.3%
super juniorheechul
87.1%
red velvetwendy
87%
seventeendino
86.9%
pentagonhui
86.9%
red velvetyeri
86.9%
seventeendk
86.7%
red velvetjoy
86.7%
shineekey
86.7%
got7yugyeom
86.5%
shineejonghyun†
86.5%
red velvetseulgi
86.3%
got7youngjae
85.9%
wanna onejinyoung
85.8%
big bangdaesung
85.8%
wanna onedaniel
85.7%
seventeenhoshi
85.5%
shineeonew
85.5%
seventeenthe8
85.3%
nctdoyoung
85.1%
nctjaehyun
84.9%
twicejihyo
84.9%
ikonb.i
84.7%
seventeenjoshua
84.6%
btobminhyuk
84.3%
monsta xminhyuk
84.3%
f(x)krystal
84.2%
twicenayeon
84%
twicedahyun
84%
monsta xi.m
84%
exidhani
83.9%
nctjaemin
83.6%
nctkun
83.5%
girls' generationtaeyeon
83.5%
ncthaechan
83.4%
nctchenle
83.4%
Group Idol % Correct
astroeunwoo
83%
seventeenseungkwan
82.8%
stray kidsfelix
82.8%
seventeenmingyu
82.7%
monsta xshownu
82.7%
pristineunwoo
82.4%
nctjeno
82.3%
seventeenjeonghan
82.2%
seventeenwonwoo
82.2%
winneryoon
82.2%
block bzico
81.9%
nctrenjun
81.8%
super juniorleeteuk
81.8%
winnermino
81.8%
mamamoosolar
81.5%
monsta xwonho
81.4%
mamamoohwasa
81.4%
twicechaeyoung
81%
nctjungwoo
80.8%
btsv
80.8%
f(x)luna
80.7%
girls' generationsunny
79.6%
wanna onewoojin
78.7%
stray kidswoojin
78.7%
girls' generationtiffany
78.7%
f(x)victoria
78.4%
super juniorsiwon
78.3%
monsta xkihyun
78.3%
monsta xjooheon
78.3%
vixxleo
78.3%
monsta xhyungwon
77.9%
girls' generationyuri
77.6%
iz*oneyuri
77.6%
vixxravi
77.1%
astromoonbin
76.9%
astrorocky
76.7%
twicejeongyeon
76.3%
super juniorshindong
76.3%
mamamoomoonbyul
76%
vixxken
75.7%
astrojinjin
75.1%
astrosanha
75.1%
stray kidsi.n
74.8%
super juniordonghae
74.7%
girls' generationyoona
74.5%
ikonju-ne
74.5%
astromj
74.4%
pentagonyuto
74.3%
day6wonpil
73.9%
wanna onedaehwi
73.7%
btobpeniel
73.6%
mamamoowheein
73.5%
day6young k
73.3%
ikonjay
73.2%
super junioryesung
73.1%
gfriendsinb
72.9%
btobsungjae
72.8%
super junioreunhyuk
72.3%
vixxn
72.1%
wanna oneminhyun
71.8%
block bp.o.
71.4%
infinitel
70.6%
wanna oneguanlin
70.5%
vixxhyuk
70.5%
pentagonwooseok
70.4%
exidsolji
69.4%
nu'est wjr
69.4%
pentagonkino
69.3%
wanna onejihoon
69.2%
ikonsong
69%
girls' generationhyoyeon
68.8%
stray kidshyunjin
68.5%
(g)i-dlesoyeon
68.4%
pentagonyanan
68.1%
stray kidschangbin
68.1%
day6dowoon
67.8%
super juniorkyuhyun
67.7%
super juniorryeowook
67.7%
block bb-bomb
67.7%
btobeunkwang
67.4%
vixxhongbin
67.4%
btobilhoon
67.2%
(g)i-dleyuqi
67%
girls' generationseohyun
66.8%
gfriendumji
66.8%
gfriendeunha
66.6%
girls' generationsooyoung
66.4%
nu'est waron
66.1%
wanna oneseongwoo
65.5%
day6sungjin
65.3%
stray kidsseungmin
65%
girl's dayhyeri
65%
pristinkyulkyung
64.6%
nu'est wbaekho
64.3%
exidjeonghwa
64.2%
apinkbomi
64.1%
btobchangsub
63.7%
gfriendyuju
63.7%
(g)i-dleminnie
63.4%
winnerjinu
63.4%
Group Idol % Correct
pentagonjinho
63.3%
block bu-kwon
63.1%
wanna onesungwoon
63%
winnerhoony
62.6%
pentagonyeo one
62.5%
wanna onejaehwan
62.3%
aoaseolhyun
62.2%
exidhyerin
62.2%
pentagonhongseok
62.1%
gfriendsowon
62.1%
super juniorkangin
61.5%
apinknaeun
61.3%
gfriendyerin
61.1%
apinkeunji
59.9%
super juniorsungmin
58.7%
weki mekidoyeon
58.4%
block bkyung
58.4%
btobhyunsik
58.3%
pentagonshinwon
58%
pristinnayoung
57.6%
(g)i-dleshuhua
57.4%
pristinkyla
56.7%
apinkchorong
56.6%
infinitesunggyu
56.4%
iz*onesakura
56.4%
apinknamjoo
55.8%
weki mekiyoojung
55.6%
(g)i-dlemiyeon
54.2%
girl's dayminah
53.1%
block bjaehyo
52.8%
cosmic girlscheng xiao
52.4%
infinitedongwoo
52.4%
the boyzkevin
51.2%
infinitesungyeol
50.5%
infinitewoohyun
50.3%
infinitesungjong
50.3%
(g)i-dlesoojin
50%
iz*onechaeyeon
49.7%
apinkhayoung
49.5%
the boyzeric
48.9%
the boyzq
48.8%
pristinrena
48.5%
akdong musiciansuhyun
48.1%
pristinroa
47.6%
a.c.ewow
47.1%
aoayuna
46.9%
aoachanmi
46.9%
girl's dayyura
46.9%
iz*oneeunbi
46.8%
cosmic girlsexy
46.4%
the boyzjacob
45%
ladies' codeeunb†
44.9%
akdong musicianchanhyuk
44%
weki mekilucy
43.8%
iz*onenako
43.7%
pristinxiyeon
43.4%
cosmic girlsmei qi
42.5%
iz*onehitomi
42%
a.c.ebyeongkwan
41.7%
cosmic girlsyeonjung
41.6%
the boyznew
41.6%
cosmic girlsluda
40.9%
girl's daysojin
40.9%
the boyzhwall
40.6%
weki mekilua
40.5%
iz*onewonyoung
40.5%
iz*onechaewon
39.7%
cosmic girlsseola
39.3%
ladies' codeashley
38.9%
iz*oneyena
38.7%
aoahyejeong
38.6%
cosmic girlsbona
37.5%
iz*oneyujin
37%
cosmic girlsxuan yi
36.6%
cosmic girlsdawon
36.1%
weki mekisei
36.1%
pristinyehana
35.5%
jbj95kenta
35.4%
iz*oneminju
35%
pristinyuha
34.9%
a.c.edonghun
34.6%
weki mekirina
34.5%
the boyzsunwoo
34.5%
cosmic girlsyeoreum
34.3%
cosmic girlsdayoung
34.2%
weki mekisuyeon
33.2%
iz*onehyewon
33%
pristinsungyeon
33%
cosmic girlseunseo
32.2%
weki mekielly
31.9%
cosmic girlssoobin
31.2%
the boyzjuhaknyeon
28.8%
the boyzhyunjae
28.2%
the boyzsangyeon
27.6%
the boyzyounghoon
27.6%
the boyzjuyeon
26.1%
jbj95sanggyun
24.8%
ladies' codezuny
24.7%
ladies' codesojung
24%
ladies' coderise†
21.4%

You're not logged in!

Compare scores with friends on all Sporcle quizzes.
OR
Log In

Show Comments

Extras

Top Quizzes Today


Score Distribution

Your Account Isn't Verified!

In order to create a playlist on Sporcle, you need to verify the email address you used during registration. Go to your Sporcle Settings to finish the process.

Report this User

Report this user for behavior that violates our Community Guidelines.

Details: